[Event "Titled Tuesday intern op 03rd Jan Late"]
[Site "Chess.com INT"]
[Date "2025.06.03"]
[Round "9"]
[White "Bratovic, Blaz"]
[Black "Lacasa Diaz, Jose Antonio"]
[Result "0-1"]
[WhiteElo "2319"]
[BlackElo "2304"]
[PlyCount "58"]
[EventDate "2025.06.03"]
[EventType "swiss (blitz)"]
[EventRounds "11"]
[EventCountry "USA"]
[SourceTitle "CB24_2025"]
[SourceDate "2025.06.11"]
[SourceVersion "1"]
[SourceVersionDate "2025.06.11"]
[SourceQuality "1"]

1. e4 e5 2. Nf3 Nc6 3. Bb5 a6 4. Ba4 Nf6 5. 0-0 Be7 6. d3 d6 7. c4 0-0 8. Nc3 Nd7 9. d4 Nxd4 10. Nxd4 exd4 11. Qxd4 Bf6 12. Qd2 Nb6 13. Bb3 a5 14. Qd3 a4 15. Bc2 Bxc3 16. e5 Qh4 17. Bg5 Qh5 18. bxc3 dxe5 19. c5 Nd7 20. Be3 Nf6 21. Rab1 Be6 22. Bd1 Qh4 23. Rxb7 Bxa2 24. g3 Qh3 25. Bf3 e4 26. Bxe4 Rfd8 27. Qe2 Nxe4 28. Qf3 Nxc3 29. Rxc7 Bd5 0-1

[Event "Catalunya-chT Gp1 Title"]
[Site "Barcelona"]
[Date "2025.03.08"]
[Round "3.4"]
[White "Lacasa Diaz, Jose Antonio"]
[Black "Aymerich Verdaguer, Eduard"]
[Result "0-1"]
[WhiteElo "2309"]
[BlackElo "2186"]
[PlyCount "74"]
[EventDate "2025.02.22"]
[EventType "team-k.o."]
[EventRounds "4"]
[EventCountry "ESP"]
[SourceTitle "CB14_2025"]
[SourceDate "2024.11.01"]
[SourceVersion "1"]
[SourceVersionDate "2024.11.01"]
[SourceQuality "1"]
[WhiteTeam "Mollet"]
[BlackTeam "Olot"]
[WhiteTeamCountry "ESP"]
[BlackTeamCountry "ESP"]

1. Nf3 Nf6 2. c4 g6 3. Nc3 Bg7 4. e4 d6 5. d4 0-0 6. Be2 e5 7. 0-0 Nc6 8. d5 Ne7 9. Ne1 Ne8 10. Nd3 f5 11. f3 f4 12. b4 g5 13. c5 Rf7 14. a4 h5 15. a5 Nf6 16. Nf2 Bf8 17. Kh1 Rg7 18. Rg1 Ng6 19. c6 Rb8 20. Nb5 Ra8 21. cxb7 Bxb7 22. g3 Bc8 23. gxf4 gxf4 24. Bd2 Be7 25. Be1 Ne8 26. Nd3 Bd7 27. Nc3 Kh7 28. b5 Bh4 29. Bxh4 Qxh4 30. Qe1 Qxe1 31. Raxe1 Kh6 32. Kg2 Nf6 33. Kf2 Nh7 34. Bf1 Ng5 35. Bg2 Nh4 36. Ke2 Rag8 37. Bh1 Nxe4 0-1

[Event "Titled Tuesday intern op 14th Jan Early"]
[Site "Chess.com INT"]
[Date "2025.01.14"]
[Round "5"]
[White "Lacasa Diaz, Jose Antonio"]
[Black "Vujcic, Milena"]
[Result "1-0"]
[WhiteElo "2314"]
[BlackElo "2005"]
[PlyCount "65"]
[EventDate "2025.01.14"]
[EventType "swiss (blitz)"]
[EventRounds "11"]
[EventCountry "USA"]
[SourceTitle "CB04_2025"]
[SourceDate "2025.01.22"]
[SourceVersion "1"]
[SourceVersionDate "2025.01.22"]
[SourceQuality "1"]

1. e4 e5 2. Nf3 Nc6 3. Bb5 a6 4. Ba4 Nf6 5. 0-0 Nxe4 6. d4 b5 7. Bb3 d5 8. dxe5 Be6 9. Qe2 Nc5 10. Rd1 Be7 11. Nc3 Nxb3 12. axb3 0-0 13. Bf4 b4 14. Na4 Qc8 15. c3 bxc3 16. bxc3 Qb7 17. b4 Qb5 18. Qe3 Rfd8 19. Nd4 Nxd4 20. Qxd4 Rf8 21. Nb2 a5 22. Nd3 axb4 23. cxb4 Rfb8 24. Bd2 f6 25. Rxa8 Rxa8 26. Rc1 c6 27. g3 Bf7 28. Bf4 fxe5 29. Bxe5 Bf8 30. Nc5 Ra2 31. Nd7 Bxb4 32. Bxg7 Qe2 33. Bh6 1-0

[Event "Titled Tuesday intern op 14th Jan Early"]
[Site "Chess.com INT"]
[Date "2025.01.14"]
[Round "2"]
[White "Lortkipanidze, Nodar"]
[Black "Lacasa Diaz, Jose Antonio"]
[Result "1-0"]
[WhiteElo "2359"]
[BlackElo "2314"]
[PlyCount "53"]
[EventDate "2025.01.14"]
[EventType "swiss (blitz)"]
[EventRounds "11"]
[EventCountry "USA"]
[SourceTitle "CB04_2025"]
[SourceDate "2025.01.22"]
[SourceVersion "1"]
[SourceVersionDate "2025.01.22"]
[SourceQuality "1"]

1. e4 c5 2. c3 d5 3. exd5 Qxd5 4. d4 e6 5. Nf3 Nf6 6. Bd3 Nc6 7. 0-0 cxd4 8. cxd4 Be7 9. Nc3 Qd6 10. Bg5 0-0 11. Rc1 Rd8 12. Nb5 Qd7 13. Ne5 Nxe5 14. Rc7 Qd5 15. dxe5 Qxd3 16. Qxd3 Rxd3 17. Rxe7 Bd7 18. Nd6 Bc6 19. Bxf6 gxf6 20. Nxf7 Kf8 21. Rc7 f5 22. Ng5 Bd5 23. Nxh7+ Ke8 24. Nf6+ Kd8 25. Rd7+ Kc8 26. Rc1+ Bc6 27. Rxd3 1-0

[Event "Roquetas de Mar op 36th"]
[Site "Roquetas de Mar"]
[Date "2025.01.05"]
[Round "6"]
[White "Lacasa Diaz, Jose Antonio"]
[Black "Conon, Catalin"]
[Result "1-0"]
[WhiteElo "2314"]
[BlackElo "2072"]
[PlyCount "141"]
[EventDate "2025.01.02"]
[EventType "swiss"]
[EventRounds "9"]
[EventCountry "ESP"]
[SourceTitle "CB02_2025"]
[SourceDate "2025.01.08"]
[SourceVersion "1"]
[SourceVersionDate "2025.01.08"]
[SourceQuality "1"]

1. Nf3 d5 2. e3 Nf6 3. c4 e6 4. Nc3 Bd6 5. b3 0-0 6. Bb2 Re8 7. d4 b6 8. Bd3 Bb7 9. cxd5 exd5 10. 0-0 Nbd7 11. Rc1 a6 12. Ne2 Qe7 13. Ng3 g6 14. Qc2 Rac8 15. Qe2 a5 16. Rc2 h5 17. Rfc1 Ne4 18. Bb5 Red8 19. Nf1 f5 20. Ne1 Nf8 21. Nd3 Ne6 22. f3 Nf6 23. Ne5 Bxe5 24. dxe5 Nd7 25. f4 Ndc5 26. Ba3 c6 27. Ba6 Bxa6 28. Qxa6 Qc7 29. Qe2 Kh7 30. Bxc5 Nxc5 31. Nd2 Qb7 32. Nf3 Ne6 33. Nd4 Nxd4 34. exd4 Re8 35. Qf2 Re6 36. Rc3 Qe7 37. h3 Qg7 38. Qh4 Qh6 39. R1c2 Kg7 40. a3 Kh7 41. b4 axb4 42. axb4 Qf8 43. Rb3 Qe7 44. Qxe7+ Rxe7 45. Rbc3 Rec7 46. Kf2 Kg7 47. Kg3 Kh6 48. Kh4 Kh7 49. Kg5 Kg7 50. Rc1 Kf7 51. R3c2 Kg7 52. Ra2 Kf7 53. Ra6 Rb7 54. Rc2 Rcc7 55. Ra8 c5 56. bxc5 bxc5 57. dxc5 d4 58. Rd8 Rd7 59. Rxd7+ Rxd7 60. c6 Rc7 61. Rc4 d3 62. Rd4 Rxc6 63. Rd7+ Ke6 64. Rxd3 Rc2 65. g3 Rg2 66. h4 Kf7 67. Ra3 Rg1 68. Ra7+ Ke6 69. Ra6+ Kf7 70. Rf6+ Ke7 71. Kxg6 1-0

[Event "Sitges Sunway op-A 11th"]
[Site "Sitges"]
[Date "2024.12.22"]
[Round "10"]
[White "Lacasa Diaz, Jose Antonio"]
[Black "Gormally, Daniel"]
[Result "1/2-1/2"]
[WhiteElo "2324"]
[BlackElo "2424"]
[PlyCount "85"]
[EventDate "2024.12.12"]
[EventType "swiss"]
[EventRounds "10"]
[EventCountry "ESP"]
[SourceTitle "CB52_2024"]
[SourceDate "2024.12.25"]
[SourceVersion "1"]
[SourceVersionDate "2024.12.25"]
[SourceQuality "1"]

1. Nf3 Nf6 2. c4 g6 3. Nc3 Bg7 4. e4 0-0 5. d4 d6 6. Be2 c5 7. d5 e6 8. 0-0 exd5 9. exd5 Bf5 10. Nh4 Bc8 11. h3 Na6 12. Nf3 Bf5 13. g4 Bc8 14. Bf4 Nc7 15. Qd2 Re8 16. Rfe1 b5 17. cxb5 h5 18. gxh5 Nxh5 19. Ng5 Nxf4 20. Qxf4 Qf6 21. Qh4 Re5 22. Nce4 Qe7 23. Bd3 c4 24. f4 cxd3 25. fxe5 Qxe5 26. Nh7 Qd4+ 27. Kf1 g5 28. Nhxg5 Bf5 29. Qf2 Qxd5 30. Ng3 Bg6 31. N5e4 Qxb5 32. Nxd6 Qxb2 33. Qxb2 Bxb2 34. Rad1 Rd8 35. Ndf5 Kf8 36. Re3 d2 37. Ke2 Bc1 38. Rd3 Re8+ 39. Kf2 Ne6 40. h4 Ng7 41. Rd5 Nxf5 42. Nxf5 Bh5 43. R1xd2 1/2-1/2

[Event "Sitges Sunway op-A 11th"]
[Site "Sitges"]
[Date "2024.12.16"]
[Round "5"]
[White "Lacasa Diaz, Jose Antonio"]
[Black "Jaksland, Tim"]
[Result "1/2-1/2"]
[WhiteElo "2324"]
[BlackElo "2107"]
[PlyCount "102"]
[EventDate "2024.12.12"]
[EventType "swiss"]
[EventRounds "10"]
[EventCountry "ESP"]
[SourceTitle "CB52_2024"]
[SourceDate "2024.12.25"]
[SourceVersion "1"]
[SourceVersionDate "2024.12.25"]
[SourceQuality "1"]

1. Nf3 Nf6 2. c4 c5 3. Nc3 Nc6 4. e3 e5 5. d4 e4 6. Ne5 h5 7. Nxc6 dxc6 8. Be2 Bf5 9. a3 Bd6 10. dxc5 Bxc5 11. b4 Bd6 12. Bb2 Qe7 13. Qc2 0-0 14. h3 h4 15. c5 Bc7 16. Bg4 Bg6 17. 0-0-0 a5 18. Rd2 Rfd8 19. Rxd8+ Rxd8 20. Rd1 axb4 21. axb4 Be5 22. Rxd8+ Qxd8 23. Qd1 Qxd1+ 24. Nxd1 Nxg4 25. hxg4 Bc7 26. Kd2 f6 27. Bd4 Kf7 28. Ke2 Ke6 29. Nc3 Bh7 30. f3 exf3+ 31. Kxf3 Bc2 32. Ke2 g6 33. Kf3 f5 34. gxf5+ gxf5 35. Bg7 Bb3 36. e4 fxe4+ 37. Kxe4 Bc4 38. Bd4 Bg3 39. Kf3 Kf5 40. Bf2 Be5 41. Be1 Bf6 42. Ke3 Bg5+ 43. Kf3 Bf7 44. g3 Bh5+ 45. Kg2 hxg3 46. Kxg3 Ke5 47. b5 Kd4 48. bxc6 bxc6 49. Na2 Kxc5 50. Nb4 Kb5 51. Nxc6 Kxc6 1/2-1/2

[Event "Titled Tuesday intern op 17th Sep Early"]
[Site "Chess,com INT"]
[Date "2024.09.17"]
[Round "3"]
[White "Lacasa Diaz, Jose Antonio"]
[Black "Ghevondyan, Arman"]
[Result "0-1"]
[WhiteElo "2328"]
[BlackElo "2216"]
[PlyCount "54"]
[EventDate "2024.09.17"]
[EventType "swiss (blitz)"]
[EventRounds "11"]
[EventCountry "USA"]
[SourceTitle "EXT 2025"]
[Source "ChessBase"]
[SourceDate "2024.10.14"]
[SourceVersion "1"]
[SourceVersionDate "2024.10.14"]
[SourceQuality "1"]

1. d4 Nf6 2. Nf3 g6 3. c4 Bg7 4. e3 0-0 5. Be2 d5 6. cxd5 Nxd5 7. 0-0 c5 8. dxc5 Nb4 9. Nc3 N8c6 10. Bd2 Nd3 11. Qb1 Nxc5 12. Rd1 Be6 13. b4 Nd7 14. b5 Nce5 15. Nd4 Bc4 16. Be1 Bxe2 17. Ncxe2 Qc7 18. Nf4 Ng4 19. h3 e5 20. Nd5 Qd8 21. hxg4 exd4 22. exd4 Qh4 23. f3 Qg5 24. Qb3 Rad8 25. Bf2 h5 26. gxh5 Qxh5 27. Qe3 Qxd5 0-1

[Event "El Vendrell op 4th"]
[Site "El Vendrell"]
[Date "2024.07.13"]
[Round "6"]
[White "Benseny Martinez, Guerau"]
[Black "Lacasa Diaz, Jose Antonio"]
[Result "0-1"]
[WhiteElo "2097"]
[BlackElo "2334"]
[PlyCount "112"]
[EventDate "2024.07.13"]
[EventType "swiss"]
[EventRounds "9"]
[EventCountry "ESP"]
[SourceTitle "CBM 221 Extra"]
[Source "ChessBase"]
[SourceDate "2024.09.30"]
[SourceVersion "1"]
[SourceVersionDate "2024.09.30"]
[SourceQuality "1"]

1. e4 c5 2. Nc3 g6 3. d4 cxd4 4. Qxd4 Nf6 5. Nf3 Nc6 6. Qa4 d6 7. e5 dxe5 8. Nxe5 Bg7 9. Bb5 0-0 10. Nxc6 bxc6 11. Bxc6 Rb8 12. 0-0 Qc7 13. Re1 Ng4 14. g3 Qb6 15. Nd1 Bd4 16. Be3 Bxe3 17. Nxe3 Nxe3 18. Rxe3 Qxb2 19. Rae1 Be6 20. Qxa7 Qxc2 21. Qa4 Rb2 22. Qxc2 Rxc2 23. Ba4 Rxa2 24. Bc6 Rd8 25. R3e2 Rdd2 26. Rxd2 Rxd2 27. Kg2 Kg7 28. h4 h6 29. Ra1 Kf6 30. Bf3 Rd3 31. Ra6 Rc3 32. Rb6 Rb3 33. Ra6 g5 34. Bd5 Rb4 35. Bxe6 fxe6 36. hxg5+ hxg5 37. Ra8 e5 38. Rf8+ Ke6 39. Ra8 g4 40. Ra6+ Kf5 41. Ra8 e6 42. Rf8+ Kg6 43. Re8 Kf7 44. Ra8 e4 45. Ra5 Kf6 46. Ra3 Rb2 47. Kf1 Kf5 48. Ra5+ e5 49. Ra3 Rd2 50. Ra8 e3 51. fxe3 Ke4 52. Rg8 Kf3 53. Ke1 Re2+ 54. Kf1 Rxe3 55. Rf8+ Kxg3 56. Rf7 Rf3+ 0-1

[Event "El Vendrell op 4th"]
[Site "El Vendrell"]
[Date "2024.07.13"]
[Round "2"]
[White "Najar Arrieta, Oriol"]
[Black "Lacasa Diaz, Jose Antonio"]
[Result "0-1"]
[WhiteElo "1875"]
[BlackElo "2334"]
[PlyCount "116"]
[EventDate "2024.07.13"]
[EventType "swiss"]
[EventRounds "9"]
[EventCountry "ESP"]
[SourceTitle "CBM 221 Extra"]
[Source "ChessBase"]
[SourceDate "2024.09.30"]
[SourceVersion "1"]
[SourceVersionDate "2024.09.30"]
[SourceQuality "1"]

1. e4 c5 2. Nf3 d6 3. d4 cxd4 4. Nxd4 Nf6 5. Nc3 g6 6. Be3 Nc6 7. f3 h5 8. Bc4 Bd7 9. 0-0 Bg7 10. Bb3 a6 11. a4 Rc8 12. Nxc6 Bxc6 13. a5 0-0 14. Qd2 Qc7 15. Rfd1 Rfe8 16. Qf2 e6 17. Bb6 Qe7 18. e5 Nd5 19. exd6 Qxd6 20. Ne4 Qf4 21. Bd4 Red8 22. Bxg7 Kxg7 23. Qg3 Qxg3 24. hxg3 Ne3 25. Rxd8 Rxd8 26. Kf2 Ng4+ 27. Ke2 Bxe4 28. fxe4 Rd4 29. Ra4 Rxa4 30. Bxa4 Ne5 31. b4 Kf8 32. Ke3 Ke7 33. Kd4 Kd6 34. c4 f6 35. Be8 Ke7 36. Ba4 g5 37. b5 Kd6 38. c5+ Kc7 39. b6+ Kd8 40. c6 bxc6 41. Kc5 Kd7 42. b7 Kc7 43. b8Q+ Kxb8 44. Kb6 Nc4+ 45. Kxa6 Kc7 46. Bb3 Nd2 47. Bxe6 Nxe4 48. Ka7 Nxg3 49. a6 Ne4 50. Bf7 h4 51. Bb3 Nd6 52. Ba4 g4 53. Bd1 h3 54. gxh3 gxh3 55. Bf3 h2 56. Bg2 Nb5+ 57. Ka8 c5 58. Bf3 c4 0-1

[Event "El Vendrell op 4th"]
[Site "El Vendrell"]
[Date "2024.07.13"]
[Round "9"]
[White "Valenzuela Gomez, Fernando Alberto"]
[Black "Lacasa Diaz, Jose Antonio"]
[Result "1/2-1/2"]
[WhiteElo "2364"]
[BlackElo "2334"]
[PlyCount "57"]
[EventDate "2024.07.13"]
[EventType "swiss"]
[EventRounds "9"]
[EventCountry "ESP"]
[SourceTitle "CBM 221 Extra"]
[Source "ChessBase"]
[SourceDate "2024.09.30"]
[SourceVersion "1"]
[SourceVersionDate "2024.09.30"]
[SourceQuality "1"]

1. d4 d5 2. c4 e6 3. Nf3 Nf6 4. Nc3 c5 5. cxd5 exd5 6. Bg5 Be6 7. Bxf6 Qxf6 8. e3 Nc6 9. Bb5 Bd6 10. Qa4 0-0 11. Bxc6 bxc6 12. Qxc6 cxd4 13. Nxd4 Be5 14. Rd1 Rab8 15. 0-0 Rfc8 16. Qa6 Rc4 17. Qxa7 Rxb2 18. Ncb5 g6 19. a4 Bg4 20. Ra1 Kg7 21. Qa8 Qg5 22. f4 Bh3 23. Rf2 Rxf2 24. fxg5 Rxg2+ 25. Kh1 Rxh2+ 26. Kg1 Rg2+ 27. Kh1 Rh2+ 28. Kg1 Rg2+ 29. Kh1 1/2-1/2

[Event "Torredembarra op 24th"]
[Site "Torredembarra"]
[Date "2024.07.05"]
[Round "7"]
[White "Travesset Sagre, Jan"]
[Black "Lacasa Diaz, Jose Antonio"]
[Result "1/2-1/2"]
[WhiteElo "2264"]
[BlackElo "2329"]
[PlyCount "47"]
[EventDate "2024.06.29"]
[EventType "swiss"]
[EventRounds "9"]
[EventCountry "ESP"]
[SourceTitle "CBM 221 Extra"]
[Source "ChessBase"]
[SourceDate "2024.09.30"]
[SourceVersion "1"]
[SourceVersionDate "2024.09.30"]
[SourceQuality "1"]

1. d4 d5 2. c4 e6 3. Nf3 Nf6 4. g3 c5 5. cxd5 cxd4 6. Bg2 Bc5 7. Nxd4 Qb6 8. e3 Bxd4 9. Qxd4 Qxd4 10. exd4 Nxd5 11. Nc3 Nc6 12. Nxd5 exd5 13. Bxd5 Nxd4 14. 0-0 0-0 15. Be3 Nc2 16. Rac1 Nxe3 17. fxe3 Be6 18. Bxe6 fxe6 19. Rc7 Rxf1+ 20. Kxf1 Rf8+ 21. Ke2 Rf7 22. Rc8+ Rf8 23. Rc7 Rf7 24. Rc8+ 1/2-1/2

[Event "Titled Tuesday intern op 25th Jun Early"]
[Site "Chess.com INT"]
[Date "2024.06.25"]
[Round "2"]
[White "Lacasa Diaz, Jose Antonio"]
[Black "Al Tarbosh, Ward"]
[Result "0-1"]
[WhiteElo "2329"]
[BlackElo "2251"]
[PlyCount "38"]
[EventDate "2024.06.25"]
[EventType "swiss (blitz)"]
[EventRounds "11"]
[EventCountry "USA"]
[SourceTitle "EXT 2025"]
[Source "ChessBase"]
[SourceDate "2024.10.14"]
[SourceVersion "1"]
[SourceVersionDate "2024.10.14"]
[SourceQuality "1"]

1. d4 Nf6 2. c4 b6 3. Nf3 Bb7 4. g3 e6 5. Bg2 Bb4+ 6. Nbd2 0-0 7. 0-0 h6 8. Re1 a5 9. Qc2 a4 10. e4 d5 11. e5 Ne4 12. cxd5 exd5 13. Nh4 Nc6 14. Qd3 Ba6 15. Qe3 Nxd4 16. Nxe4 dxe4 17. Qxe4 Bxe1 18. Qxe1 Nc2 19. Qe4 Qd1+ 0-1

[Event "Titled Tuesday intern op 25th Jun Early"]
[Site "Chess.com INT"]
[Date "2024.06.25"]
[Round "1"]
[White "Lacasa Diaz, Jose Antonio"]
[Black "Yeritsyan, Hayk"]
[Result "1/2-1/2"]
[WhiteElo "2329"]
[BlackElo "2203"]
[PlyCount "147"]
[EventDate "2024.06.25"]
[EventType "swiss (blitz)"]
[EventRounds "11"]
[EventCountry "USA"]
[SourceTitle "EXT 2025"]
[Source "ChessBase"]
[SourceDate "2024.10.14"]
[SourceVersion "1"]
[SourceVersionDate "2024.10.14"]
[SourceQuality "1"]

1. e4 c5 2. Nf3 d6 3. d4 cxd4 4. Nxd4 Nf6 5. Nc3 g6 6. Be3 Bg7 7. f3 0-0 8. Qd2 Nc6 9. Bc4 Bd7 10. 0-0-0 Rc8 11. Bb3 Nxd4 12. Bxd4 b5 13. a3 a5 14. Nd5 Nxd5 15. Bxg7 Kxg7 16. exd5 Qb6 17. Rhe1 Rfe8 18. Qd4+ Qxd4 19. Rxd4 Rc5 20. c3 Kf8 21. g4 h6 22. h4 Rc7 23. Kd2 Bc8 24. a4 Ba6 25. axb5 Bxb5 26. Ba4 Rb8 27. Kc2 Ba6 28. Ra1 Rcb7 29. b3 Bb5 30. Ra3 g5 31. hxg5 hxg5 32. Bxb5 Rxb5 33. c4 Rc5 34. Ra1 Kg7 35. Kc3 Rh8 36. Re4 Kf6 37. Rae1 Rc7 38. f4 Rh3+ 39. Kb2 gxf4 40. Rxf4+ Kg6 41. Ref1 f6 42. Ka3 Rb7 43. R4f3 Rxf3 44. Rxf3 Rb4 45. Re3 Kf7 46. Re4 Ke8 47. Re3 Kd7 48. Re4 Kd8 49. Rf4 Ke8 50. Re4 Kf8 51. Rf4 Kf7 52. Re4 Rb7 53. Ka4 Kg6 54. Re3 Kg5 55. Kxa5 Kxg4 56. b4 f5 57. c5 f4 58. Re1 dxc5 59. bxc5 f3 60. c6 Rb2 61. Rxe7 Rd2 62. Rg7+ Kh3 63. Rf7 Rxd5+ 64. Kb6 Rd3 65. c7 Rb3+ 66. Ka7 Ra3+ 67. Kb7 Rb3+ 68. Kc6 Kg2 69. Kd7 Rd3+ 70. Ke8 Re3+ 71. Kd8 Rd3+ 72. Ke8 Re3+ 73. Kd8 Rd3+ 74. Ke8 1/2-1/2

[Event "Ljubljana op"]
[Site "Ljubljana"]
[Date "2024.05.03"]
[Round "8"]
[White "Lacasa Diaz, Jose Antonio"]
[Black "Gasparac, Gregor"]
[Result "1-0"]
[WhiteElo "2336"]
[BlackElo "2082"]
[PlyCount "141"]
[EventDate "2024.04.27"]
[EventType "swiss"]
[EventRounds "9"]
[EventCountry "SLO"]
[SourceTitle "CBM 220 Extra"]
[Source "ChessBase"]
[SourceDate "2024.07.31"]
[SourceVersion "1"]
[SourceVersionDate "2024.07.31"]
[SourceQuality "1"]

1. e4 e6 2. d4 d5 3. e5 c5 4. c3 Nc6 5. Nf3 Qb6 6. a3 Nh6 7. Bd3 cxd4 8. 0-0 Nf5 9. b4 Bd7 10. Bxf5 exf5 11. cxd4 Be7 12. Nc3 Be6 13. Qd3 0-0 14. Ne2 Rfc8 15. Ng3 g6 16. Bh6 Nd8 17. Ne2 a5 18. b5 a4 19. Rab1 Rc4 20. Bg5 Bxg5 21. Nxg5 h6 22. Nf3 Rac8 23. h4 Qa5 24. Qe3 Kh7 25. Rfd1 Qc7 26. g3 Qd7 27. Kg2 f4 28. Qxf4 Bf5 29. Rb2 Be4 30. Kh2 Rc2 31. Rd2 Rxd2 32. Nxd2 Bd3 33. Qf3 Bxb5 34. Nf4 Bc6 35. Nf1 Ne6 36. Rb4 Nxf4 37. Qxf4 Qe6 38. Ne3 Bd7 39. g4 Rc7 40. Qf6 Bc6 41. Qxe6 fxe6 42. Rb6 Kg7 43. f4 Kf7 44. h5 gxh5 45. gxh5 Rc8 46. Ng4 Rh8 47. Nf6 Ke7 48. Kg3 Rf8 49. Kf3 Rf7 50. Rb1 Rg7 51. Ng4 Kd8 52. Rh1 Be8 53. Nxh6 Rh7 54. Ng8 Rxh5 55. Rxh5 Bxh5+ 56. Ke3 Bf7 57. Nf6 Kc7 58. Kd2 Kb6 59. Kc3 Ka5 60. Ng4 Bg6 61. Ne3 Be4 62. Nd1 b5 63. Ne3 Kb6 64. Kb4 Bd3 65. Nd1 Kc6 66. Ka5 Be2 67. Nc3 Bd3 68. Na2 Bc4 69. Nb4+ Kb7 70. Na6 Kc6 71. Nc5 1-0

[Event "Ljubljana op"]
[Site "Ljubljana"]
[Date "2024.04.29"]
[Round "4"]
[White "Lacasa Diaz, Jose Antonio"]
[Black "Subelj, Jan"]
[Result "0-1"]
[WhiteElo "2336"]
[BlackElo "2511"]
[PlyCount "70"]
[EventDate "2024.04.27"]
[EventType "swiss"]
[EventRounds "9"]
[EventCountry "SLO"]
[SourceTitle "CBM 220 Extra"]
[Source "ChessBase"]
[SourceDate "2024.07.31"]
[SourceVersion "1"]
[SourceVersionDate "2024.07.31"]
[SourceQuality "1"]

1. e4 c5 2. Nf3 d6 3. d4 cxd4 4. Nxd4 Nf6 5. Nc3 a6 6. Be3 Ng4 7. Bc1 Nf6 8. Be3 e5 9. Nb3 Be6 10. Qd2 Nbd7 11. 0-0-0 Be7 12. f4 Ng4 13. g3 b5 14. Kb1 Nxe3 15. Qxe3 Qb6 16. Qd2 Nf6 17. f5 Bd7 18. g4 h6 19. Nd5 Nxd5 20. exd5 h5 21. Be2 hxg4 22. Bxg4 a5 23. Qe2 a4 24. Nd2 a3 25. Ne4 axb2 26. c3 Ra4 27. Rd2 Rh4 28. Rf1 Qc7 29. f6 Rxg4 30. Qxg4 Bxg4 31. fxg7 Kd7 32. g8Q Qc4 33. Qxg4+ Kc7 34. Kc2 Qxf1 35. Kxb2 Qc4 0-1

[Event "Ljubljana op"]
[Site "Ljubljana"]
[Date "2024.04.28"]
[Round "2"]
[White "Lacasa Diaz, Jose Antonio"]
[Black "Kejzar, Petra"]
[Result "1/2-1/2"]
[WhiteElo "2336"]
[BlackElo "2043"]
[PlyCount "90"]
[EventDate "2024.04.27"]
[EventType "swiss"]
[EventRounds "9"]
[EventCountry "SLO"]
[SourceTitle "CBM 220 Extra"]
[Source "ChessBase"]
[SourceDate "2024.07.31"]
[SourceVersion "1"]
[SourceVersionDate "2024.07.31"]
[SourceQuality "1"]

1. e4 c5 2. Nf3 Nc6 3. Bb5 e6 4. 0-0 Nge7 5. Re1 b6 6. d4 cxd4 7. Nxd4 Bb7 8. Nc3 Nxd4 9. Qxd4 Nc6 10. Qe3 Bd6 11. Kh1 Qh4 12. g3 Qg4 13. Be2 Qg6 14. Bf3 Bc5 15. Qd2 Ne5 16. Bg2 Ng4 17. Nd1 0-0 18. h3 Nf6 19. Qg5 d5 20. Qxg6 hxg6 21. e5 Ne4 22. Be3 Rac8 23. c3 Rfd8 24. Kg1 Bxe3 25. Nxe3 Nc5 26. Rad1 Ba6 27. Rd2 Nd3 28. Red1 Nxe5 29. f4 Nc6 30. Nc2 Kf8 31. Kf2 Ke7 32. h4 Bc4 33. a3 Bb3 34. Re1 Bxc2 35. Rxc2 Na5 36. Rce2 Nb3 37. Rd1 d4 38. cxd4 Rxd4 39. Rxd4 Nxd4 40. Rd2 Nb3 41. Re2 Rc1 42. Be4 Kd6 43. Ke3 a5 44. Bc2 Nc5 45. Rd2+ Kc7 1/2-1/2

[Event "Ljubljana op"]
[Site "Ljubljana"]
[Date "2024.04.27"]
[Round "1"]
[White "Filippovskiy, Nikita"]
[Black "Lacasa Diaz, Jose Antonio"]
[Result "0-1"]
[WhiteElo "1800"]
[BlackElo "2336"]
[PlyCount "50"]
[EventDate "2024.04.27"]
[EventType "swiss"]
[EventRounds "9"]
[EventCountry "SLO"]
[SourceTitle "CBM 220 Extra"]
[Source "ChessBase"]
[SourceDate "2024.07.31"]
[SourceVersion "1"]
[SourceVersionDate "2024.07.31"]
[SourceQuality "1"]

1. e4 c5 2. Nf3 d6 3. d4 cxd4 4. Nxd4 Nf6 5. Nc3 g6 6. f3 Nc6 7. Be3 h5 8. Qd2 Nxd4 9. Bxd4 Bh6 10. Be3 Bxe3 11. Qxe3 Be6 12. Bb5+ Kf8 13. Rd1 Qa5 14. Kf2 Rc8 15. e5 dxe5 16. Qxe5 a6 17. Rhe1 axb5 18. Nd5 Bxd5 19. Rxd5 Rxc2+ 20. Kf1 Qc7 21. Qxc7 Rxc7 22. Rxb5 e6 23. a4 Ke7 24. a5 Rd8 25. Re3 Rd5 0-1

[Event "Titled Tuesday intern op 12th Mar Late"]
[Site "Chess.com INT"]
[Date "2024.03.12"]
[Round "7"]
[White "Lacasa Diaz, Jose Antonio"]
[Black "Ranaldi, Lucas"]
[Result "1-0"]
[WhiteElo "2343"]
[BlackElo "2361"]
[PlyCount "71"]
[EventDate "2024.03.12"]
[EventType "swiss (blitz)"]
[EventRounds "11"]
[EventCountry "USA"]
[SourceTitle "CBM 219 Extra"]
[Source "ChessBase"]
[SourceDate "2024.05.31"]
[SourceVersion "1"]
[SourceVersionDate "2024.05.31"]
[SourceQuality "1"]

1. e4 c6 2. d4 d5 3. exd5 cxd5 4. c4 Nf6 5. Nf3 Nc6 6. Nc3 Bg4 7. Be3 e6 8. c5 Be7 9. Bb5 0-0 10. 0-0 Rc8 11. h3 Bxf3 12. Qxf3 b6 13. Bxc6 Rxc6 14. b4 bxc5 15. bxc5 Qa5 16. Bf4 Nd7 17. Nxd5 exd5 18. Qxd5 Rc7 19. Bxc7 Qxc7 20. Rfe1 Nf6 21. Qc4 Rd8 22. Rad1 Rd5 23. Re5 Rxe5 24. dxe5 Qxe5 25. c6 Qc7 26. Qb5 Kf8 27. Qb7 Bd6 28. Rxd6 Qxd6 29. c7 Qd1+ 30. Kh2 Qd6+ 31. g3 g6 32. c8Q+ Kg7 33. Qcc7 Qe6 34. Qxa7 Nd5 35. Qd4+ Kh6 36. Qc1+ 1-0

[Event "Titled Tuesday intern op 05th Mar Late"]
[Site "Chess.com INT"]
[Date "2024.03.05"]
[Round "7"]
[White "Aaron, Deepak"]
[Black "Lacasa Diaz, Jose Antonio"]
[Result "0-1"]
[WhiteElo "2274"]
[BlackElo "2343"]
[PlyCount "68"]
[EventDate "2024.03.05"]
[EventType "swiss (blitz)"]
[EventRounds "11"]
[EventCountry "USA"]
[SourceTitle "EXT 2025"]
[Source "ChessBase"]
[SourceDate "2024.10.14"]
[SourceVersion "1"]
[SourceVersionDate "2024.10.14"]
[SourceQuality "1"]

1. c4 e6 2. e4 c5 3. Nc3 Nc6 4. g3 g6 5. Bg2 Bg7 6. Nge2 Nge7 7. 0-0 0-0 8. d3 d6 9. Be3 Nd4 10. Qd2 Re8 11. Bh6 Bh8 12. Nxd4 cxd4 13. Ne2 Rb8 14. f4 b5 15. b3 bxc4 16. bxc4 Qb6 17. Rac1 Qb4 18. Rc2 Qxd2 19. Rxd2 Bd7 20. Rc1 Rec8 21. g4 Nc6 22. Ng3 Bf6 23. f5 e5 24. Rf1 Bh4 25. fxg6 hxg6 26. Rdf2 Be6 27. Bc1 Nb4 28. Rf3 Rc7 29. Ba3 Bxg4 30. R3f2 Be6 31. Rb2 a5 32. Rfb1 Rcb7 33. Nf1 Bg5 34. Kf2 Nxd3+ 0-1